Background objects, and activities (Record no. 480767)

000 -LEADER
fixed length control field 00390cam a22001217a 4500
008 - FIXED-LENGTH DATA ELEMENTS--GENERAL INFORMATION
fixed length control field 180718b1958 xxu||||| |||| 00| 0 eng d
082 ## - DEWEY DECIMAL CLASSIFICATION NUMBER
Classification number T1084x54 N213b
100 ## - MAIN ENTRY--PERSONAL NAME
Personal name National Council of Applied Economic Research
245 ## - TITLE STATEMENT
Title Background objects, and activities
260 ## - PUBLICATION, DISTRIBUTION, ETC.
Place of publication, distribution, etc. New Delhi
Name of publisher, distributor, etc. National Council of Applied Economic Research
Date of publication, distribution, etc. 1958
300 ## - PHYSICAL DESCRIPTION
Extent 24p.
650 ## - SUBJECT ADDED ENTRY--TOPICAL TERM
Topical term or geographic name entry element Economics - Research
Holdings
Withdrawn status Lost status Damaged status Not for loan Permanent Location Current Location Date acquired Full call number Barcode Date last seen Price effective from Koha item type
        Indian Institute of Public Administration Indian Institute of Public Administration 2018-08-04 T1084x54 N213b GR7598 2018-08-04 2018-08-04 GR

Powered by Koha